| 000 | 00482nam a2200193Ia 4500 | ||
|---|---|---|---|
| 008 | 230125s9999 xx 000 0 und d | ||
| 041 | _aeng | ||
| 082 |
_a658.8 _bICF |
||
| 100 | _aICFAI | ||
| 245 | _aServices marketing : Workbook | ||
| 250 | _a1st Ed. | ||
| 260 |
_c2005 _bICFAI publication _aHyderabad |
||
| 300 | _a283p | ||
| 440 | _aICFAI | ||
| 500 | _aServices marketing;ICFAI Series Book | ||
| 650 |
_amarketing _9112684 |
||
| 700 | _aICFAI | ||
| 999 |
_c89670 _d89670 |
||